Por qué decimos que los plaguicidas son una amenaza para la sobrevivencia del hombre

Gespeichert in:
Bibliographische Detailangaben
1. Verfasser: Wesseling, Catharina
Körperschaft: Universidad Nacional. Programa de Plaguicidas: Desarrollo, Salud y Ambiente
Format: Text
Veröffentlicht: Heredia: UNA
Tags: Tag hinzufügen
Keine Tags, Fügen Sie den ersten Tag hinzu!

MARC

LEADER 00000 a a2200000 04500
001 22730
003
040 |a CRAI/IIS  |c CRAI/IIS 
090 |a 156100  
100 |a Wesseling, Catharina  
110 |a Universidad Nacional. Programa de Plaguicidas: Desarrollo, Salud y Ambiente  
245 |a Por qué decimos que los plaguicidas son una amenaza para la sobrevivencia del hombre  
260 |a Heredia:   |b UNA  
300 |a 16 p   |b il.  
500 |a Separata  
999 |c 4353  |d 4353